[Event "Reykjavik op"]
[Site "Reykjavik"]
[Date "2023.04.02"]
[Round "7"]
[White "Johannsdottir, Johanna Bjorg"]
[Black "Adams, George"]
[Result "1-0"]
[WhiteElo "1974"]
[BlackElo "1604"]
[PlyCount "67"]
[EventDate "2023.03.29"]
[EventType "swiss"]
[EventRounds "9"]
[EventCountry "ISL"]
[SourceTitle "EXT 2024"]
[Source "ChessBase"]
[SourceDate "2023.10.10"]
[SourceVersion "1"]
[SourceVersionDate "2023.10.10"]
[SourceQuality "1"]

1. e4 c5 2. Nf3 g6 3. d4 cxd4 4. Nxd4 Bg7 5. c4 Nc6 6. Nc2 d6 7. Be2 Nf6 8. Nc3 0-0 9. 0-0 Nd7 10. Bd2 a5 11. Rb1 Nc5 12. b3 Bd7 13. f3 Nd4 14. Nxd4 Bxd4+ 15. Kh1 f5 16. Nd5 Ne6 17. exf5 Rxf5 18. Bd3 Rf7 19. Be4 Bg7 20. f4 Nc5 21. Bf3 Bf5 22. Rc1 Bb2 23. Bc3 Bxc1 24. Qxc1 e6 25. Ne3 Be4 26. Ng4 Qf8 27. f5 e5 28. Nh6+ Kg7 29. Nxf7 Qxf7 30. fxg6 Qxg6 31. Qe3 Rf8 32. Bxe5+ dxe5 33. Qxc5 Qh5 34. Qxf8+ 1-0

[Event "Icelandic (Women) op"]
[Site "Reykjavik"]
[Date "2022.10.29"]
[Round "6"]
[White "Ayzenberg, Alena"]
[Black "Johannsdottir, Johanna Bjorg"]
[Result "1-0"]
[WhiteElo "2002"]
[BlackElo "1964"]
[PlyCount "63"]
[EventDate "2022.10.24"]
[EventType "swiss"]
[EventRounds "7"]
[EventCountry "ISL"]
[SourceTitle "EXT 2024"]
[Source "ChessBase"]
[SourceDate "2023.10.10"]
[SourceVersion "1"]
[SourceVersionDate "2023.10.10"]
[SourceQuality "1"]

1. d4 g6 2. c4 Bg7 3. Nf3 d6 4. e4 Bg4 5. Be2 Nc6 6. Nbd2 e5 7. d5 Bxf3 8. Nxf3 Nd4 9. Be3 Nxf3+ 10. Bxf3 f6 11. Bg4 Bh6 12. Qa4+ Ke7 13. Qb3 Bxe3 14. Qxe3 h5 15. Be6 h4 16. 0-0 g5 17. b4 Kf8 18. c5 Rh7 19. Rac1 a5 20. b5 a4 21. b6 Ra6 22. cxd6 Qxd6 23. bxc7 Rxc7 24. Rxc7 Qxc7 25. Rc1 Qb6 26. Rc8+ Kg7 27. Rxg8+ Kh7 28. Rc8 Qb1+ 29. Rc1 Qxa2 30. Bf5+ Kh6 31. Qc5 Qb2 32. Qf8+ 1-0

[Event "Icelandic (Women) op"]
[Site "Reykjavik"]
[Date "2022.10.27"]
[Round "4"]
[White "Lehtinen, Helja"]
[Black "Johannsdottir, Johanna Bjorg"]
[Result "1-0"]
[WhiteElo "1888"]
[BlackElo "1964"]
[PlyCount "143"]
[EventDate "2022.10.24"]
[EventType "swiss"]
[EventRounds "7"]
[EventCountry "ISL"]
[SourceTitle "EXT 2024"]
[Source "ChessBase"]
[SourceDate "2023.10.10"]
[SourceVersion "1"]
[SourceVersionDate "2023.10.10"]
[SourceQuality "1"]

1. Nf3 g6 2. g3 Bg7 3. Bg2 d6 4. 0-0 e5 5. c4 f5 6. d3 Nf6 7. Nc3 0-0 8. Bd2 h6 9. Qc1 Kh7 10. b4 Nc6 11. Rb1 e4 12. Ne1 Qe7 13. Nc2 Ne5 14. dxe4 Nxc4 15. exf5 Bxf5 16. Bxb7 Rab8 17. Bf3 Bxc2 18. Qxc2 Na3 19. Qd3 Nxb1 20. Rxb1 Qf7 21. Be1 Nd7 22. Bd5 Qf6 23. Ne4 Qf5 24. Qb3 Rbe8 25. Qd3 Ne5 26. Qd1 Ng4 27. Qd3 Ne5 28. Qd1 Qh3 29. Nd2 Ng4 30. Nf3 Re5 31. Rc1 Rh5 32. Rxc7 Nxh2 33. Rxg7+ Kxg7 34. Qd4+ Rf6 35. Qxa7+ Kf8 36. Qa8+ Ke7 37. Qb7+ Qd7 38. Nxh2 Qxb7 39. Bxb7 Rb5 40. Bc6 Rb8 41. Nf3 g5 42. a4 d5 43. b5 Kd6 44. Bb4+ Kc7 45. Nd4 h5 46. Be7 Rg6 47. Bxg5 Kb6 48. Bd2 h4 49. Bb4 hxg3 50. a5+ Kc7 51. b6+ Rxb6 52. axb6+ Kxb6 53. Bxd5 Rg4 54. e3 Rg5 55. e4 gxf2+ 56. Kxf2 Rg4 57. Kf3 Rh4 58. Kg3 Rh5 59. Kg4 Rh1 60. Kf5 Rb1 61. Bd6 Rf1+ 62. Ke6 Rh1 63. Nf5 Rd1 64. e5 Rd2 65. Ne7 Re2 66. Kd7 Rd2 67. e6 Ka6 68. Bc6 Kb6 69. Nd5+ Ka7 70. e7 Re2 71. Bc5+ Kb8 72. Be3 1-0

[Event "Olympiad Women-44"]
[Site "Chennai"]
[Date "2022.07.29"]
[Round "1.1"]
[White "Almusawi, Maram"]
[Black "Johannsdottir, Johanna Bjorg"]
[Result "0-1"]
[WhiteElo "1349"]
[BlackElo "1976"]
[PlyCount "54"]
[EventDate "2022.07.29"]
[EventType "team-swiss"]
[EventRounds "11"]
[EventCountry "IND"]
[SourceTitle "CBM 210"]
[Source "ChessBase"]
[SourceDate "2022.10.31"]
[SourceVersion "1"]
[SourceVersionDate "2022.10.31"]
[SourceQuality "1"]
[WhiteTeam "Bahrain (W)"]
[BlackTeam "Iceland (W)"]
[WhiteTeamCountry "BHN"]
[BlackTeamCountry "ISL"]

1. d4 g6 2. Nf3 Bg7 3. e3 d6 4. Be2 Nd7 5. Nbd2 e5 6. c3 Qe7 7. Qc2 Ngf6 8. Bd3 0-0 9. 0-0 Nd5 10. Qb3 c6 11. Bc4 N5b6 12. Bd3 Kh8 13. a4 a5 14. Re1 Nd5 15. Qa2 N7f6 16. Ne4 Nxe4 17. Bxe4 Be6 18. Qb1 f5 19. Bc2 e4 20. Nd2 Qh4 21. Nf1 Nf6 22. Ng3 g5 23. Nf1 Bc4 24. g3 Qh3 25. Nd2 Ng4 26. Re2 Qxh2+ 27. Kf1 Qxf2# 0-1

[Event "Reykjavik Kvika op"]
[Site "Reykjavik"]
[Date "2022.04.11"]
[Round "8"]
[White "Brunello, Marina"]
[Black "Johannsdottir, Johanna Bjorg"]
[Result "1-0"]
[WhiteElo "2337"]
[BlackElo "1973"]
[PlyCount "57"]
[EventDate "2022.04.06"]
[EventType "swiss"]
[EventRounds "9"]
[EventCountry "ISL"]
[SourceTitle "CBM 207 Extra"]
[Source "ChessBase"]
[SourceDate "2022.05.31"]
[SourceVersion "1"]
[SourceVersionDate "2022.05.31"]
[SourceQuality "1"]

1. e4 g6 2. d4 Bg7 3. Nf3 d6 4. Nc3 a6 5. Be3 b5 6. Bd3 Bb7 7. e5 dxe5 8. dxe5 e6 9. Bg5 Ne7 10. Ne4 0-0 11. Nf6+ Kh8 12. h4 Nd7 13. h5 Bxf3 14. hxg6 Nxf6 15. exf6 Bxd1 16. Rxh7+ Kg8 17. Rxg7+ Kh8 18. Rh7+ Kg8 19. g7 Ng6 20. Bxg6 fxg6 21. Rh8+ Kf7 22. Rxf8+ Qxf8 23. gxf8Q+ Rxf8 24. Rxd1 e5 25. Bh6 Rh8 26. Bg7 Rh2 27. Rd7+ Kg8 28. Rxc7 Rxg2 29. Bh6 1-0

[Event "Reykjavik Kvika op"]
[Site "Reykjavik"]
[Date "2022.04.08"]
[Round "4"]
[White "Johannsdottir, Johanna Bjorg"]
[Black "Large, Peter G"]
[Result "0-1"]
[WhiteElo "1973"]
[BlackElo "2293"]
[PlyCount "82"]
[EventDate "2022.04.06"]
[EventType "swiss"]
[EventRounds "9"]
[EventCountry "ISL"]
[SourceTitle "CBM 207 Extra"]
[Source "ChessBase"]
[SourceDate "2022.05.31"]
[SourceVersion "1"]
[SourceVersionDate "2022.05.31"]
[SourceQuality "1"]

1. e4 e5 2. Nf3 Nc6 3. Bc4 g6 4. c3 d6 5. d4 Qe7 6. Ng5 Nh6 7. 0-0 Bg7 8. h3 f6 9. Nf3 Nf7 10. dxe5 fxe5 11. Qd5 Ncd8 12. Be3 Ne6 13. Bb5+ Kf8 14. Ba4 Bh6 15. Nbd2 Kg7 16. b4 Rf8 17. Nh2 Nf4 18. Bxf4 Bxf4 19. Bd1 a5 20. Nc4 axb4 21. cxb4 Ng5 22. Qd3 Bxh2+ 23. Kxh2 Rf4 24. Ne3 Rxe4 25. Nd5 Qf7 26. Qg3 Ne6 27. Bb3 Nd4 28. f3 Re2 29. Bc4 Rc2 30. Rac1 Be6 31. Rxc2 Nxc2 32. Qf2 Nd4 33. Nb6 cxb6 34. Bxe6 Qxe6 35. Rc1 Qf7 36. Kh1 Rxa2 37. Qh4 Rc2 38. Rf1 Nf5 39. Qe1 Re2 40. Qd1 Ng3+ 41. Kg1 Qa2 0-1

[Event "ISL-chT2 2122"]
[Site "Reykjavik"]
[Date "2022.03.06"]
[Round "7.2"]
[White "Johannsdottir, Johanna Bjorg"]
[Black "Fridbertsson, Aegir Pall"]
[Result "1-0"]
[WhiteElo "1966"]
[BlackElo "2079"]
[PlyCount "105"]
[EventDate "2021.10.01"]
[EventType "team-tourn"]
[EventRounds "7"]
[EventCountry "ISL"]
[SourceTitle "EXT 2024"]
[Source "ChessBase"]
[SourceDate "2023.10.10"]
[SourceVersion "1"]
[SourceVersionDate "2023.10.10"]
[SourceQuality "1"]
[WhiteTeam "Gardabaer II"]
[BlackTeam "Vestmannaeyja"]
[WhiteTeamCountry "ISL"]
[BlackTeamCountry "ISL"]

1. e4 e6 2. d3 d5 3. Nd2 c5 4. Ngf3 Nc6 5. g3 Nf6 6. Bg2 Be7 7. 0-0 0-0 8. e5 Nd7 9. Re1 Qc7 10. Qe2 f6 11. exf6 Nxf6 12. Nf1 Bd6 13. c3 e5 14. h3 Bd7 15. Ne3 Rae8 16. Ng5 Ne7 17. c4 h6 18. Nf3 d4 19. Nf1 Bc6 20. N1d2 Ng6 21. Ne4 Nxe4 22. dxe4 Rf6 23. Nh2 Ref8 24. Rf1 Kh7 25. Ng4 R6f7 26. Qd2 Ne7 27. f3 Ng8 28. a3 Nf6 29. b4 Nxg4 30. hxg4 cxb4 31. axb4 a6 32. g5 h5 33. g6+ Kxg6 34. Qg5+ Kh7 35. Qxh5+ Kg8 36. c5 Be7 37. Bh3 Bd7 38. Bxd7 Qxd7 39. Ra2 g6 40. Qh1 Rh7 41. Bh6 Bg5 42. Rh2 Bxh6 43. Rxh6 Rxh6 44. Qxh6 Qe6 45. Rf2 Qf6 46. f4 Rf7 47. Qh3 Qc6 48. Rh2 Kf8 49. Qh8+ Ke7 50. Qxe5+ Qe6 51. Qxd4 Qc6 52. Rh8 Qc7 53. Rg8 1-0

[Event "Reykjavik Blitz op"]
[Site "Reykjavik"]
[Date "2022.01.29"]
[Round "1"]
[White "Johannsdottir, Johanna Bjorg"]
[Black "Hauge, Lars Oskar"]
[Result "0-1"]
[WhiteElo "1946"]
[BlackElo "2513"]
[PlyCount "98"]
[EventDate "2022.01.29"]
[EventType "swiss (blitz)"]
[EventRounds "11"]
[EventCountry "ISL"]
[SourceTitle "CBM 206 Extra"]
[Source "ChessBase"]
[SourceDate "2022.03.31"]
[SourceVersion "1"]
[SourceVersionDate "2022.03.31"]
[SourceQuality "1"]

1. e4 c5 2. Nf3 d6 3. Bc4 e6 4. d3 Nf6 5. Nbd2 Be7 6. c3 0-0 7. 0-0 d5 8. Bb3 Nc6 9. e5 Nd7 10. Re1 b5 11. d4 Qb6 12. Nf1 a5 13. Bc2 b4 14. Be3 f5 15. exf6 Nxf6 16. dxc5 Bxc5 17. Bxc5 Qxc5 18. cxb4 axb4 19. Qd3 Qd6 20. Ng5 Ne5 21. Qh3 h6 22. Qg3 Nfg4 23. Nh7 Rxf2 24. h3 Qc5 25. Ne3 Rxc2 26. hxg4 Nf7 27. g5 hxg5 28. Nxg5 Ra7 29. Rf1 Re2 30. Nxf7 Rxf7 31. Rae1 Rxf1+ 32. Kxf1 Rxe1+ 33. Qxe1 d4 34. Ng4 Qf5+ 35. Nf2 Bb7 36. Qe2 Qb1+ 37. Nd1 Qf5+ 38. Nf2 Bc6 39. Kg1 Qg6 40. Nh3 Qe4 41. Qf2 Bd5 42. Ng5 Qg6 43. Nh3 e5 44. Qd2 d3 45. Kh2 Qe4 46. Ng1 Qd4 47. Nf3 Bxf3 48. gxf3 Qf4+ 49. Qxf4 exf4 0-1

[Event "Reykjavik Blitz op"]
[Site "Reykjavik"]
[Date "2022.01.29"]
[Round "10"]
[White "Sigurpalsson, Runar"]
[Black "Johannsdottir, Johanna Bjorg"]
[Result "0-1"]
[WhiteElo "2279"]
[BlackElo "1946"]
[PlyCount "68"]
[EventDate "2022.01.29"]
[EventType "swiss (blitz)"]
[EventRounds "11"]
[EventCountry "ISL"]
[SourceTitle "CBM 206 Extra"]
[Source "ChessBase"]
[SourceDate "2022.03.31"]
[SourceVersion "1"]
[SourceVersionDate "2022.03.31"]
[SourceQuality "1"]

1. e4 g6 2. Nf3 Bg7 3. c3 c5 4. d4 cxd4 5. cxd4 d5 6. e5 Nc6 7. Nc3 Nh6 8. h3 0-0 9. Be2 Bf5 10. 0-0 Be4 11. Be3 Nf5 12. Qd2 Qb6 13. Rfd1 e6 14. Ng5 h6 15. Ngxe4 dxe4 16. Nxe4 Rfd8 17. Nc5 Nxe5 18. Qc3 Nc6 19. Na4 Qc7 20. Bf3 Rac8 21. Rac1 Qe7 22. Qe1 Ncxd4 23. Be4 Nxe3 24. Qxe3 Rxc1 25. Rxc1 Qb4 26. b3 Qb5 27. Bd3 Qe5 28. Qxe5 Bxe5 29. Bf1 b6 30. Re1 Bf6 31. b4 Rc8 32. Rd1 Rc2 33. a3 Ra2 34. Nc3 Rxa3 0-1

[Event "EU-ch 21st"]
[Site "Reykjavik"]
[Date "2021.09.05"]
[Round "11"]
[White "Stefansson, Vignir Vatnar"]
[Black "Johannsdottir, Johanna Bjorg"]
[Result "1-0"]
[WhiteElo "2371"]
[BlackElo "2019"]
[PlyCount "107"]
[EventDate "2021.08.26"]
[EventType "swiss"]
[EventRounds "11"]
[EventCountry "ISL"]
[SourceTitle "CBM 204"]
[Source "ChessBase"]
[SourceDate "2021.10.31"]
[SourceVersion "1"]
[SourceVersionDate "2021.10.31"]
[SourceQuality "1"]

1. d4 Nf6 2. g3 e6 3. Bg2 d5 4. Nf3 Nbd7 5. 0-0 Bd6 6. c4 c6 7. Nbd2 0-0 8. Qc2 e5 9. cxd5 cxd5 10. dxe5 Nxe5 11. Nxe5 Bxe5 12. Nf3 Bd6 13. Rd1 h6 14. Be3 Bd7 15. Qb3 Bc6 16. Nd4 Be5 17. Rac1 Qd7 18. Nxc6 bxc6 19. Qa3 Rfe8 20. b3 Qg4 21. Bf3 Qe6 22. Qa4 Rec8 23. Rc2 Nd7 24. Rdc1 Nb6 25. Qa6 Rab8 26. Qxa7 d4 27. Bd2 Nd5 28. Qc5 Rc7 29. Qc4 Qf5 30. Ba5 Rcc8 31. Bxd5 cxd5 32. Qd3 Rxc2 33. Rxc2 Qd7 34. Bd2 Qb7 35. b4 Ra8 36. b5 Bf6 37. Qb3 Re8 38. Bf4 Bd8 39. a4 g5 40. Bd6 Ba5 41. Bb4 d3 42. exd3 Bxb4 43. Qxb4 d4 44. Rc6 Qd7 45. Qd2 Qd5 46. Rc1 Qb3 47. Qd1 Qa2 48. Ra1 Qd5 49. b6 Qa5 50. Rb1 Rb8 51. b7 Qf5 52. Rb5 Qd7 53. Qf3 Re8 54. b8Q 1-0

[Event "EU-ch 21st"]
[Site "Reykjavik"]
[Date "2021.09.04"]
[Round "10"]
[White "Johannsdottir, Johanna Bjorg"]
[Black "Koellner, Aaron Noah"]
[Result "1-0"]
[WhiteElo "2019"]
[BlackElo "2248"]
[PlyCount "70"]
[EventDate "2021.08.26"]
[EventType "swiss"]
[EventRounds "11"]
[EventCountry "ISL"]
[SourceTitle "CBM 204"]
[Source "ChessBase"]
[SourceDate "2021.10.31"]
[SourceVersion "1"]
[SourceVersionDate "2021.10.31"]
[SourceQuality "1"]

1. e4 c5 2. Nf3 Nf6 3. d3 d5 4. Nbd2 Bg4 5. Be2 e6 6. 0-0 Nc6 7. Re1 Qc7 8. exd5 Nxd5 9. Ne4 h6 10. h3 Bh5 11. c3 Be7 12. Nd4 Bxe2 13. Nxe2 Rd8 14. N2g3 Nf4 15. Qg4 Nxd3 16. Qxg7 Qe5 17. Qxe5 Ncxe5 18. Re2 Nxc1 19. Rxc1 Nd3 20. Rcc2 h5 21. c4 h4 22. Nf1 f5 23. Nc3 Nf4 24. Re3 Kf7 25. Ne2 Nd3 26. Rd2 Nb4 27. a3 Rxd2 28. Nxd2 Rd8 29. Nf3 Rd1+ 30. Kh2 Bd6+ 31. g3 hxg3+ 32. fxg3 Nd3 33. Ng5+ Kf6 34. Rxe6+ Kxg5 35. Rxd6 Rd2 1-0

[Event "EU-ch 21st"]
[Site "Reykjavik"]
[Date "2021.09.02"]
[Round "8"]
[White "Humburg, Philipp"]
[Black "Johannsdottir, Johanna Bjorg"]
[Result "1-0"]
[WhiteElo "2245"]
[BlackElo "2019"]
[PlyCount "113"]
[EventDate "2021.08.26"]
[EventType "swiss"]
[EventRounds "11"]
[EventCountry "ISL"]
[SourceTitle "CBM 204"]
[Source "ChessBase"]
[SourceDate "2021.10.31"]
[SourceVersion "1"]
[SourceVersionDate "2021.10.31"]
[SourceQuality "1"]

1. e4 c5 2. Nf3 d6 3. d4 cxd4 4. Nxd4 Nf6 5. Nc3 a6 6. b3 g6 7. Bb2 Bg7 8. Qd2 0-0 9. 0-0-0 b5 10. Kb1 Bb7 11. f3 Nbd7 12. g4 Nb6 13. a3 Rc8 14. h4 Qc7 15. Bh3 Nfd7 16. g5 e6 17. h5 d5 18. hxg6 hxg6 19. Nxe6 Bxc3 20. Nxc7 Bxd2 21. Bxd7 f6 22. Be6+ Kg7 23. gxf6+ Rxf6 24. Bxc8 Bxc8 25. Rxd2 dxe4 26. Ne8+ Kf7 27. Nxf6 exf3 28. Rh7+ Ke6 29. Rf2 Nd5 30. Nxd5 Kxd5 31. Rxf3 Bf5 32. Kc1 Ke4 33. Rxf5 gxf5 34. Kd2 Kf3 35. Ra7 f4 36. Rxa6 Kg2 37. Ke1 f3 38. Rg6+ Kh1 39. Kf2 b4 40. axb4 Kh2 41. Bf6 Kh1 42. c4 Kh2 43. c5 Kh1 44. c6 Kh2 45. c7 Kh1 46. b5 Kh2 47. b6 Kh1 48. b7 Kh2 49. b4 Kh1 50. b5 Kh2 51. b6 Kh1 52. b8Q Kh2 53. b7 Kh1 54. Qa8 Kh2 55. b8Q Kh1 56. Qa1+ Kh2 57. c8Q# 1-0

[Event "EU-ch 21st"]
[Site "Reykjavik"]
[Date "2021.08.26"]
[Round "1"]
[White "Kulaots, Kaido"]
[Black "Johannsdottir, Johanna Bjorg"]
[Result "1-0"]
[WhiteElo "2548"]
[BlackElo "2019"]
[PlyCount "53"]
[EventDate "2021.08.26"]
[EventType "swiss"]
[EventRounds "11"]
[EventCountry "ISL"]
[SourceTitle "CBM 204"]
[Source "ChessBase"]
[SourceDate "2021.10.31"]
[SourceVersion "1"]
[SourceVersionDate "2021.10.31"]
[SourceQuality "1"]

1. e4 c5 2. Nf3 d6 3. d4 cxd4 4. Nxd4 Nf6 5. Nc3 a6 6. Bd3 e5 7. Nde2 Be6 8. 0-0 Be7 9. Ng3 0-0 10. Nd5 Nbd7 11. c4 Rb8 12. Nxe7+ Qxe7 13. b3 b5 14. cxb5 axb5 15. b4 d5 16. exd5 Bxd5 17. a3 e4 18. Re1 Qe5 19. Rb1 Qd4 20. Be2 Qa7 21. Bf4 Rb7 22. Nf5 Ba2 23. Ra1 Qxa3 24. Qd2 Ra7 25. Bxb5 Qb3 26. Bxd7 Nxd7 27. Qd4 1-0

[Event "ISL-ch (Women) playoff"]
[Site "Reykjavik"]
[Date "2021.06.24"]
[Round "1"]
[White "Ptacnikova, Lenka"]
[Black "Johannsdottir, Johanna Bjorg"]
[Result "1-0"]
[WhiteElo "2098"]
[BlackElo "1995"]
[PlyCount "125"]
[EventDate "2021.06.24"]
[EventType "match (rapid)"]
[EventRounds "2"]
[EventCountry "ISL"]
[SourceTitle "CBM 203 Extra"]
[Source "ChessBase"]
[SourceDate "2021.09.30"]
[SourceVersion "1"]
[SourceVersionDate "2021.09.30"]
[SourceQuality "1"]

1. d4 g6 2. c4 Bg7 3. Nc3 d6 4. e4 e5 5. Nf3 Bg4 6. d5 a5 7. Be2 Na6 8. Bg5 f6 9. Be3 Nc5 10. 0-0 Ne7 11. Nd2 Bd7 12. f3 0-0 13. b3 f5 14. a3 f4 15. Bf2 g5 16. b4 axb4 17. axb4 Na6 18. c5 Nxb4 19. cxd6 Rxa1 20. Qxa1 cxd6 21. Qb2 Na6 22. Qxb7 Nc5 23. Qb4 Qc7 24. Rb1 Rc8 25. Nc4 Bf8 26. Nb5 Bxb5 27. Qxb5 Ng6 28. Qb6 Qd7 29. Qb5 Qc7 30. Qa5 Qxa5 31. Nxa5 Kf7 32. Nc4 Na4 33. Rb7+ Ke8 34. Ba7 Nc3 35. Bf1 Ra8 36. Nb6 Rd8 37. Rxh7 Ne7 38. Rh5 g4 39. Kf2 gxf3 40. gxf3 Kf7 41. Bh3 Kg6 42. Rh8 Kg7 43. Rh4 Ng6 44. Rg4 Be7 45. Rg1 Bh4+ 46. Kf1 Nb5 47. Bf5 Nxa7 48. Rxg6+ Kf7 49. Nd7 Nb5 50. Rh6 Bg5 51. Rh7+ Kg8 52. Nb6 Nd4 53. Rh5 Be7 54. Bg4 Rb8 55. Nc4 Rb1+ 56. Kf2 Rc1 57. Nb6 Rc2+ 58. Ke1 Bd8 59. Nc8 Ba5+ 60. Kf1 Nb3 61. Nxd6 Nd2+ 62. Kg1 Bb6+ 63. Kh1 1-0

[Event "Online Olym Div2 D"]
[Site "Chess.com INT"]
[Date "2020.08.14"]
[Round "1.4"]
[White "Dolzhikova, Olga"]
[Black "Johannsdottir, Johanna Bjorg"]
[Result "1-0"]
[WhiteElo "2194"]
[BlackElo "1944"]
[PlyCount "65"]
[EventDate "2020.08.14"]
[EventType "team-tourn (rapid)"]
[EventRounds "9"]
[EventCountry "USA"]
[SourceTitle "CBM 198"]
[Source "ChessBase"]
[SourceDate "2020.10.31"]
[SourceVersion "1"]
[SourceVersionDate "2020.10.31"]
[SourceQuality "1"]
[WhiteTeam "Norway"]
[BlackTeam "Iceland"]
[WhiteTeamCountry "NOR"]
[BlackTeamCountry "ISL"]

1. e4 c5 2. c3 g6 3. Bd3 Bg7 4. Bc2 Nc6 5. d3 Nf6 6. Nf3 d6 7. 0-0 0-0 8. h3 b5 9. Be3 Bb7 10. a3 a5 11. d4 c4 12. Nbd2 Qc7 13. Re1 Nd7 14. Qe2 Rac8 15. Nf1 h6 16. Ng3 Nd8 17. d5 b4 18. axb4 axb4 19. Bd4 b3 20. Bxg7 Kxg7 21. Bb1 Ra8 22. Rxa8 Bxa8 23. Nd4 Nb6 24. Ngf5+ Kh7 25. Qe3 g5 26. Qf3 e6 27. Qh5 exf5 28. Nxf5 f6 29. e5 Kh8 30. Qxh6+ Kg8 31. exf6 Nxd5 32. Ne7+ Kf7 33. Qg6# 1-0